000
00315nam a2200133Ia 4500
008
230917s9999||||xx |||||||||||||| ||und||
040
_e
97108
_a
MAIN
041
_a
English
082
_a
380 S61C
100
_a
Suman, Shushma
245
0
_a
Consumer behaviour towards refrigerators
300
_a
136 p.
942
_c
TH
999
_c
89041
_d
89041